000 00414nam a22001577a 4500
005 20241221120613.0
008 241221b ||||| |||| 00| 0 eng d
040 _cAL
041 _aEnglish
082 _223
_a348.04
_bEASS
100 _a Eastern Book Company
_9191818
245 _aSupreme Court Cases 1997: Vol 9
260 _aLucknow
_b Eastern Book Company
_c2022
650 _aLaw
_9191819
942 _2ddc
_cBI
999 _c233353
_d233353